| 000 | 00464nam a22001697a 4500 | ||
|---|---|---|---|
| 003 | SGT | ||
| 020 | _a9788184120721 | ||
| 082 | _a658.15,ROY | ||
| 100 | _aROY,UDDIPTO | ||
| 245 | _aMANAGERIAL ECONOMICS | ||
| 250 | _a2ND | ||
| 260 |
_aNEW DELHI _bASIAN BOOKS PRIVATE LIMITED _c2008 |
||
| 300 | _a473 | ||
| 650 | _aMANAGEMENT | ||
| 653 | _aBASIC PREREQUISITES, THE THEORY OF DEMAND,ELASTICITY OF DEMAND, THEORY OF SUPPLY, CONSUME BEHAVIOUR | ||
| 942 |
_2ddc _cFCM _04 |
||
| 999 |
_c8940 _d8940 |
||